| 000 | 00710nam a22001817a 4500 | ||
|---|---|---|---|
| 999 |
_c152357 _d152357 |
||
| 005 | 20190710123145.0 | ||
| 020 |
_a9789312149836 _c465.00 |
||
| 035 | _aB-694032 | ||
| 037 | _bRK Books | ||
| 082 | _a513 | ||
| 100 | _aVerma,Rajesh | ||
| 245 |
_aFast track objective arithmetic / _cby Rajesh Verma |
||
| 260 |
_aNew Delhi _bArihant Publications _c2015 |
||
| 270 |
_a4577/15, Agarwal Road, Daryaganj _bNew Delhi _e110002 |
||
| 300 |
_a870p. _c24cm(pbk) _bill. |
||
| 942 |
_2ddc _cEN _h513 _mVER |
||